• 首页
  • 本馆介绍
  • 公告通知
  • 最新文献
  • 馆藏检索
  • 电子资源
  • 读者导购
  • 参考咨询
  • 我的图书馆
  • 登录
  • 详细信息显示
  • 放入我的书架
  • 预约/预借图书
  • 作者相关作品
  • 分类相关作品
  • 丛书相关作品
  • 出版社相关作品

书目信息

  • 表格格式
  • 工作单格式
  • 卡片格式
题名:
计算机算法设计与分析
    
 
作者: 王晓东 编著
分册:  
出版信息: 北京   电子工业出版社  2018
页数: 349页
开本: 26cm
丛书名:
单 册:
中图分类: TP301.6
科图分类:
主题词: 电子计算机--dian zi ji suan ji--算法设计--高等学校--教材 , 电子计算机--dian zi ji suan ji--算法分析--高等学校--教材
电子资源:
ISBN: 978-7-121-34439-8
000 01158nam0 2200289 450
001 012001003855
005 20191210111129.81
010    @a978-7-121-34439-8@dCNY52.00
099    @aCAL 012018120574
100    @a20180928d2018 em y0chiy50 ea
101 0  @achi
102    @aCN@b110000
105    @aak a 000yy
106    @ar
200 1  @a计算机算法设计与分析@Aji suan ji suan fa she ji yu fen xi@f王晓东编著
205    @a第5版
210    @a北京@c电子工业出版社@d2018
215    @a349页@c图@d26cm
300    @a“十二五”普通高等教育本科国家级规划教材 国家精品课程教材
320    @a有书目 (第349页)
330    @a本书中既涉及经典与实用算法及实例分析,又包括算法热点领域追踪。 为突出教材的可读性和可用性,章首增加了学习要点提示,章末配有难易适度的算法分析题和算法实现题;配套出版《计算机算法设计与分析习题解答(第5版)》;并免费提供电子课件和教学网站服务。
606 0  @a电子计算机@Adian zi ji suan ji@x算法设计@x高等学校@j教材
606 0  @a电子计算机@Adian zi ji suan ji@x算法分析@x高等学校@j教材
690    @aTP301.6@v5
701  0 @a王晓东@Awang xiao dong@4编著
801  0 @aCN@b上海新华@c20191020
905    @b1206895-8@dTP301.6@e1035=5@f4
    
    计算机算法设计与分析/王晓东编著.-第5版.-北京:电子工业出版社,2018
    349页:图;26cm
    “十二五”普通高等教育本科国家级规划教材 国家精品课程教材
    
    ISBN 978-7-121-34439-8:CNY52.00
    本书中既涉及经典与实用算法及实例分析,又包括算法热点领域追踪。 为突出教材的可读性和可用性,章首增加了学习要点提示,章末配有难易适度的算法分析题和算法实现题;配套出版《计算机算法设计与分析习题解答(第5版)》;并免费提供电子课件和教学网站服务。
●
相关链接 在E读中查询图书 在五车中查询图书 在当当中查询图书 在豆瓣中查询图书


正题名:计算机算法设计与分析     索取号:TP301.6/1035=5         预约/预借

序号 登录号 条形码 馆藏地/架位号 状态 备注
1 1206895   212068956   第二样本阅览室/ [索取号:TP301.6/1035=5] 在馆    
2 1206896   212068965   第三借阅区/ [索取号:TP301.6/1035=5] 在馆    
3 1206897   212068974   第三借阅区/ [索取号:TP301.6/1035=5] 在馆    
4 1206898   212068983   第三借阅区/ [索取号:TP301.6/1035=5] 在馆    
唐山师范学院图书馆 欢迎您!
大连网信软件有限公司© 版权所有